Die 219 beliebtesten ♂ ♀ Vornamen in England - Statistiken

Allgemein
  • Dieses Quiz wurde 76 mal gespielt
  • Das Durchschnittsergebnis liegt bei 46 aus 221
Antwortstatistiken
♀ / ♂ Name % Korrekt
Jungen - - > | Mädchen - - > ⤵️
97%
H5 Harry
69%
G6 George
64%
O6 Olivia
64%
A4 Anna
63%
O5 Olive
63%
M3 Mia
59%
W7 William
59%
E5 Emily
58%
L3 Leo
58%
T6 Thomas
58%
E4 Emma
56%
C9 Charlotte
54%
L5 Louis
54%
O6 Oliver
54%
B3 Ben
53%
M7 Michael
53%
H5 Henry
49%
J5 James
49%
M3 Max
49%
D6 Daniel
47%
M5 Maria
47%
N4 Noah
47%
E5 Eliza
46%
E5 Ellis
46%
H6 Hannah
46%
L4 Luca
46%
J4 Jack
44%
A9 Alexander
42%
C7 Charles
42%
L4 Liam
42%
L5 Lilly
42%
L5 Lucas
42%
S6 Sophie
42%
A3 Ada
41%
A3 Amy
41%
C7 Charlie
41%
D5 David
41%
L4 Luke
39%
M4 Mila
39%
S4 Sara
39%
S6 Sophia
39%
A5 Aaron
37%
E6 Emilia
37%
I8 Isabella
37%
L4 Lara
37%
A6 Amelia
36%
E3 Eva
36%
J5 Jacob
36%
A4 Adam
34%
O5 Oscar
34%
R4 Rose
34%
C5 Clara
32%
E9 Elizabeth
32%
E4 Ella
32%
A3 Ava
31%
I8 Isabelle
31%
M7 Matthew
31%
T4 Theo
31%
A4 Aria
29%
B8 Benjamin
29%
I3 Ivy
29%
L4 Lucy
29%
A5 Alice
27%
B5 Bella
27%
B4 Beth
27%
C5 Chloe
27%
F5 Felix
27%
J4 Jess
27%
L4 Lily
27%
L4 Luna
27%
S6 Samuel
27%
T5 Tommy
27%
A6 Arthur
25%
G7 Gabriel
25%
J7 Jessica
25%
J6 Joseph
25%
Z4 Zara
25%
G5 Grace
24%
K5 Katie
24%
S5 Sofia
24%
A6 Amelie
22%
E5 Ellie
22%
M6 Millie
22%
M8 Mohammed
22%
R4 Ruby
22%
A6 Albert
20%
E6 Edward
20%
F4 Finn
20%
M4 Maya
20%
R5 Rosie
20%
S9 Sebastian
20%
J7 Jasmine
19%
M5 Molly
19%
R6 Rachel
19%
A7 Abigail
17%
A6 Aurora
17%
G7 Georgia
17%
N6 Nathan
17%
P8 Penelope
17%
P6 Phoebe
17%
T8 Theodore
17%
T6 Tobias
17%
F5 Freya
15%
I5 Isaac
15%
L5 Layla
15%
M7 Matilda
15%
T4 Thea
15%
W6 Willow
15%
A6 Archie
14%
E5 Ethan
14%
E6 Evelyn
14%
H5 Holly
14%
M5 Mason
14%
M4 Milo
14%
R5 Robby
14%
A5 Amber
12%
A4 Ayla
12%
E4 Eden
12%
E5 Edith
12%
F7 Freddie
12%
I6 Imogen
12%
K3 Kai
12%
P5 Poppy
12%
V6 Violet
12%
C5 Conor
10%
D5 Dylan
10%
E6 Elliot
10%
E4 Evie
10%
F8 Florence
10%
F9 Frederick
10%
H6 Harper
10%
H4 Hugo
10%
J7 Jackson
10%
L4 Lola
10%
M5 Megan
10%
S8 Scarlett
10%
A7 Alessia
8%
B8 Beatrice
8%
C6 Callum
8%
D5 Daisy
8%
D7 Delilah
8%
E7 Eleanor
8%
G6 Gracie
8%
H8 Harrison
8%
H6 Harvey
8%
I4 Iris
8%
J6 Joshua
8%
L5 Logan
8%
R5 Riley
8%
A6 Alfred
7%
E5 Elsie
7%
H7 Harriet
7%
I4 Isla
7%
J5 Jesse
7%
J4 Jude
7%
L5 Lotte
7%
M8 Mohammad
7%
M8 Muhammad
7%
O4 Orla
7%
O4 Otis
7%
R6 Ronnie
7%
A5 Alfie
5%
E6 Elijah
5%
E4 Erin
5%
E4 Esme
5%
H6 Hallie
5%
L6 Lauren
5%
N5 Nancy
5%
R6 Reuben
5%
R5 Robyn
5%
Z7 Zachary
5%
A4 Arlo
3%
B6 Bonnie
3%
E4 Ezra
3%
H5 Heidi
3%
M5 Maeve
3%
M6 Margot
3%
O5 Ollie
3%
R5 Ralph
3%
R5 Roman
3%
R4 Rory
3%
S6 Sienna
3%
T4 Toby
3%
C5 Caleb
2%
F6 Finley
2%
F7 Frankie
2%
H6 Hudson
2%
L6 Lottie
2%
L5 Louie
2%
L4 Lyra
2%
M5 Mabel
2%
M6 Maryam
2%
R6 Rupert
2%
S5 Sonny
2%
S7 Stanley
2%
S6 Summer
2%
T5 Teddy
2%
Y5 Yusuf
2%
A5 Albie
0%
A8 Arabella
0%
B5 Blake
0%
B5 Brody
0%
C6 Carter
0%
C7 Chester
0%
D6 Darcie
0%
E6 Elodie
0%
G7 Grayson
0%
H6 Hunter
0%
J6 Jasper
0%
J5 Jaxon
0%
K5 Keira
0%
L4 Lyla
0%
M6 Maisie
0%
M4 Myla
0%
M5 Myles
0%
O6 Oakley
0%
R6 Reggie
0%
R5 Rowan
0%
Keine übereinstimmenden Quizze gefunden
Verteilung der Resultate
Anzahl Personen mit jedem Resultat
Perzentil nach korrekt beantworteten Fragen
Ihre Resultats-Entwicklung
Sie haben dieses Quiz noch nicht gespielt